Účetnictví ve službách a cestovním ruchu

Na minha lista:
Detalhes bibliográficos
Autor principal: Müllerová, Libuše
Formato: Livro
Idioma:tcheco
Publicado em: Praha VŠE 1988
Edição:1. vyd.
Tags: Adicionar Tag
Sem tags, seja o primeiro a adicionar uma tag!

MARC

LEADER 00000nam a2200000 4500
001 c039511
005 20221219085857.6
041 0 |a cze 
044 |a CZ 
245 1 0 |a Účetnictví ve službách a cestovním ruchu  |c Libuše Müllerová 
250 |a 1. vyd. 
264 1 |a Praha  |b VŠE  |c 1988 
300 |a 118 s. 
100 1 |a Müllerová, Libuše